| 000 | 00000nam##2200000za#4500 |
| 001 | 9.516775 |
| 003 | CaOODSP |
| 005 | 20200325135643 |
| 007 | ta |
| 008 | 150406|1990||||xxc||||| f|0| 0 fre|d |
| 022 | |a0706-6457 |
| 040 | |aCaOODSP|bfre |
| 041 | |aeng |
| 041 | |afre |
| 043 | |an-cn--- |
| 086 | 1 |aFs97-6/1770 |
| 110 | 1 |aCanada. |bMinistère des pêches et des océans. |
| 245 | 10|aCompte rendu d'un atelier: Étude de l'écosystème marin du détroit d'Hudson : |bnovembre 9-10, 1989, Montréal / |cPréparé sous la direction de J. A. Percy. |
| 260 | |aOttawa - Ontario : |bPêches et Océans Canada |c1990. |
| 300 | |a175p. : |bfigures, références, tableaux ; |c28 cm. |
| 490 | 1 |aRapport technique canadien des sciences halieutiques et aquatiques|x0706-6457|v1770 |
| 500 | |aPréparé à la Station de biologie arctique, Institut Maurice Lamontagne, Ministère des Pêches et des Océans, 555 boul. St-Pierre, Ste-Anne-de-Bellevue (Québec) H9X 3R4. |
| 546 | |aAbstracts in English.) Bilingue |
| 563 | |aCouverture souple |
| 720 | 1 |aPercy, J. A. |
| 791 | |tProceedings of a workshop: Marine Ecosystem Studies in Hudson Strait : |eeng|w(CaOODSP)9.516774 |
| 830 | #0|aRapport technique canadien des sciences halieutiques et aquatiques,|x0706-6457|v1770|w(CaOODSP)9.514690 |